| 000 | 00800nam a22001817a 4500 | ||
|---|---|---|---|
| 005 | 20231108172216.0 | ||
| 010 | _aHIN-126119 | ||
| 020 |
_a9789394083165 _c495.00 |
||
| 035 | _aHN-98465 | ||
| 037 | _bDBAD/PUB | ||
| 082 | _a370 | ||
| 100 |
_aवशिष्ठ,वंदना _958439 |
||
| 245 |
_aशिक्षा,संस्कार और संस्कृति/ _cवंदना वशिष्ठ |
||
| 260 |
_aनई दिल्ली _bनीरज बुक सेंटर _c2022 |
||
| 270 |
_aC -32 आर्यनगर सोसाइटी प्लाट -91 ई. पी एक्सटेंशन _bनई दिल्ली _e110092 |
||
| 300 |
_a208 पृ _c23 सेमी (सजिल्द) |
||
| 942 |
_2ddc _cHN _h370 _mवशिष्ठ |
||
| 999 |
_c198830 _d198830 |
||